000 00235nam a2200097Ia 4500
001 1117404
005 20250827004105.0
008 250824s9999 xx 000 0 und d
245 0 _aDEVLET ANA
_cKEMAL TAHİR
260 _bKETEBE YAYINLARI
999 _c1117404
_d1117404